Responses for Show #8775 - Friday, December 30, 2022

Ray Lalonde game 12.

Contestants

[<< previous game]

Isaac Rabbani, a graduate student from Philadelphia, Pennsylvania

Kristin Jacobsen, a retired naval officer from Burke, Virginia

Ray Lalonde, a scenic artist from Toronto, Ontario, Canada (whose 11-day cash winnings total $311,500)

[next game >>]

Jeopardy! Round responses

THE AGELESS DIANA ROSS
U.S. TERRITORIES
THE FRIEND ZONE
TREE ANATOMY
TALK DERBY TO ME
4-LETTER "X" RATED WORDS
    $200 22
The Supremes

Ray
    $200 19
Puerto Rico

Kristin
    $200 17
Influence People

Ray
    $200 27
the blade

Ray
    $200 18
the Kentucky Derby

Isaac
    $200 25
text

Isaac
    $400 29
Central Park

Ray
    $400 21
Samoa

Kristin
    $400 16
a fair-weather friend

Ray
    $400 28
knees

Isaac
    $400 20
(Ray: What is a stock car derby?)

a demolition derby

RayKristin
    $400 26
an apex

Ray
    $600 30
Tracee Ellis Ross

Kristin
    $600 15
Haiti

Ray
    $600 10
the Quakers

Ray
    $600 11
the crown

Ray
    $600 12
roller derby

Isaac
    $600 1
to coax

Ray
    $800 23
Billie Holiday

Ray
    $1,000 14
the U.S. Virgin Islands

Kristin
    $800 9
a pipeline

Ray
    $800 6
bark

Ray
    $800 7
(Kristin: What is the Whig Party?)

the Tory Party (Conservatives)

RayKristin
    $800 2
a lynx

Isaac
    $1000 24
"I'm Coming Out"

Isaac
    $1000 13
the Enola Gay

Kristin
    $1000 4
a friendship bracelet

Kristin
    $1000 5
a bud

Ray
    $1000 8
Oyster Bay

Isaac
    $1000 3
a roux

Isaac

Scores at the first commercial break (after clue 15):

Ray Kristin Isaac
$5,800 $2,200 $3,400

Scores at the end of the Jeopardy! Round:

Ray Kristin Isaac
$8,000 $3,800 $5,200

Double Jeopardy! Round responses

THERE'S A CENSUS EXCITEMENT IN THE AIR
ALLITERATION
SHAKESPEARE'S CONTEMPORARIES
I GOT A "B" IN HISTORY
THE FIRST FEATURE THEY DIRECTED
A MEMORABLE NEW YEAR'S EVE
(Ryan: I'm Ryan Seacrest, host of "New Year's Rockin' Eve", with clues about some memorable past events on December 31st.)
    $400 8
reservations

Ray
    $400 25
rock and roll

Kristin
    $400 23
a tragedy

Isaac
    $400 19
(Ken: They were [*] soldiers.)

buffalo

Triple Stumper
    $400 29
Bradley Cooper

Kristin
    $400 16
Times Square

Kristin
    $800 12
immigrants

Kristin
    $800 26
the lunch lady

Triple Stumper
    $800 24
iambic pentameter (blank verse)

Ray
    $800 20
Baghdad

Ray
    $800 30
(Isaac: Who is, uh... Clint Eastwood?)

Ben Affleck

KristinIsaac
    $800 1
Ottawa

Isaac
    $1200 13
the baby boom

Isaac
    $1200 27
a bubble bath

Kristin
    $1200 11
humors

Isaac
    $4,000 4
BolĂ­var

Ray
    $1200 5
Rob Reiner

Ray
    $1200 17
(Isaac: What is Hustle?)
(Ken: [Chuckling] No, but I love that.)
...
(Ken: [*] and Flow, yes.)
[Laughter]

Ebb

KristinIsaac
    $1600 14
head of household

Kristin
    $6,500 7
quiet quitting

Isaac
    $1600 21
Hamlet

Ray
    $1600 2
(Menachem) Begin

Isaac
    $1600 6
Spike Lee

Isaac
    $1600 18
Majorca

Isaac
    $2000 15
an undercount

Isaac
    $2000 9
negative numbers

Triple Stumper
    $2000 22
Spain

Ray
    $2000 3
bonanza

Ray
    $2000 10
Regina King

Triple Stumper
    $2000 28
(Ken: That's correct, Seacrest out--you can catch Ryan hosting the 51st New Year's Rockin' Eve celebration tomorrow night on ABC.)

The Replacements

Ray

Scores at the end of the Double Jeopardy! Round:

Ray Kristin Isaac
$22,800 $10,600 $20,100

[wagering suggestions for these scores]

Final Jeopardy! Round responses

U.S. BODIES OF WATER
(Ken: [To Kristin] The country's largest reservoir, formed by Hoover Dam.)
KristinWhat is Lake Meade
$10,600
IsaacWhat is Lake Mead
$19,900
RayWhat is Lake Mead?
$20,000
Lake Mead

Final scores:

Ray Kristin Isaac
$42,800 $21,200 $40,000
12-day champion: $354,300 3rd place: $1,000 2nd place: $2,000

Game dynamics:

Coryat scores:

Ray Kristin Isaac
$20,000 $10,400 $15,200
24 R
(including 1 DD),
1 W
15 R
(including 1 DD),
1 W
17 R
(including 1 DD),
2 W

Combined Coryat: $45,600

[game clues] [game scores] [suggest correction]

Game tape date: 2022-10-26
The J! Archive is created by fans, for fans. Scraping, republication, monetization, and malicious use prohibited; this site may use cookies and collect identifying information. See terms. The Jeopardy! game show and all elements thereof, including but not limited to copyright and trademark thereto, are the property of Jeopardy Productions, Inc. and are protected under law. This website is not affiliated with, sponsored by, or operated by Jeopardy Productions, Inc. Join the discussion at JBoard.tv.